[Event "ITA-ch 76th"]
[Site "Rome"]
[Date "2016.12.16"]
[Round "9"]
[White "Lodici, Lorenzo"]
[Black "Bonafede, Alessandro"]
[Result "1-0"]
[WhiteElo "2317"]
[BlackElo "2411"]
[PlyCount "45"]
[EventDate "2016.12.07"]
[EventType "tourn"]
[EventRounds "11"]
[EventCountry "ITA"]
[EventCategory "10"]
[SourceTitle "CBM 176 Extra"]
[Source "ChessBase"]
[SourceDate "2017.03.02"]
[SourceVersion "1"]
[SourceVersionDate "2017.03.02"]
[SourceQuality "1"]

1. d4 f5 2. Nf3 d6 3. g3 Nf6 4. Bg2 g6 5. 0-0 Bg7 6. c4 0-0 7. Nc3 Qe8 8. Re1 Nc6 9. d5 Na5 10. b3 e5 11. dxe6 Ne4 12. Nxe4 fxe4 13. Nd4 c5 14. Nb5 Bxa1 15. Bd2 Be5 16. Bxa5 Bxe6 17. Bxe4 Bh3 18. Nc7 Qe7 19. Nxa8 b6 20. Bd2 Bd4 21. Bd5+ Be6 22. e3 Bg7 23. Nc7 1-0

[Event "ITA-ch 76th"]
[Site "Rome"]
[Date "2016.12.08"]
[Round "2"]
[White "Mogranzini, Roberto"]
[Black "Bonafede, Alessandro"]
[Result "0-1"]
[WhiteElo "2514"]
[BlackElo "2411"]
[PlyCount "80"]
[EventDate "2016.12.07"]
[EventType "tourn"]
[EventRounds "11"]
[EventCountry "ITA"]
[EventCategory "10"]
[SourceTitle "CBM 176 Extra"]
[Source "ChessBase"]
[SourceDate "2017.03.02"]
[SourceVersion "1"]
[SourceVersionDate "2017.03.02"]
[SourceQuality "1"]

1. Nf3 g6 2. c4 Bg7 3. g3 b6 4. Bg2 Bb7 5. Nc3 d6 6. d4 e6 7. 0-0 Nd7 8. e4 Ngf6 9. d5 e5 10. b4 a5 11. Ba3 0-0 12. bxa5 Rxa5 13. Bb4 Ra6 14. a4 Qe7 15. Qc2 Rfa8 16. Ra2 Nc5 17. Nd2 h5 18. Rfa1 h4 19. a5 hxg3 20. hxg3 Bh6 21. Nb3 Nh5 22. Ne2 Bc8 23. axb6 cxb6 24. Rxa6 Rxa6 25. Rxa6 Bxa6 26. Bf3 Kg7 27. Kg2 Nf6 28. Nd2 Qc7 29. Nb1 Nb7 30. Na3 b5 31. Nc3 bxc4 32. Ncb5 Qb6 33. Qxc4 Nc5 34. Bxc5 dxc5 35. Qa4 Bc1 36. Kg1 c4 37. Kg2 Bxa3 38. Nxa3 c3 39. Bd1 Bd3 40. Bc2 Nxe4 0-1

[Event "ITA-ch sf 76th"]
[Site "Civitanova Marche"]
[Date "2016.07.09"]
[Round "1"]
[White "Bonafede, Alessandro"]
[Black "Sorbera, Giovanni"]
[Result "1-0"]
[WhiteElo "2397"]
[BlackElo "2186"]
[PlyCount "109"]
[EventDate "2016.07.09"]
[EventType "swiss"]
[EventRounds "9"]
[EventCountry "ITA"]
[SourceTitle "CBM 173 Extra"]
[Source "ChessBase"]
[SourceDate "2016.08.29"]
[SourceVersion "1"]
[SourceVersionDate "2016.08.29"]
[SourceQuality "1"]

1. e4 e5 2. Bc4 Nf6 3. Nc3 Nc6 4. f4 Nxe4 5. Bxf7+ Kxf7 6. Nxe4 d5 7. Ng5+ Kg8 8. d3 h6 9. N5f3 exf4 10. Bxf4 Qf6 11. Ne2 g5 12. Bg3 g4 13. Nh4 Bd7 14. Qd2 Bg7 15. c3 Re8 16. 0-0-0 Qg5 17. Nf4 Kh7 18. Rde1 Rhf8 19. Rxe8 Rxe8 20. Re1 Be5 21. Kd1 d4 22. c4 Bd6 23. Rxe8 Bxe8 24. Nd5 Be5 25. Qf2 Bh5 26. a3 b5 27. cxb5 Bxg3 28. Nf6+ Kh8 29. hxg3 Bf7 30. Qf4 Ne5 31. Kc2 Kg7 32. Ne4 Qxf4 33. gxf4 Nd7 34. Nf5+ Kh7 35. Nxd4 h5 36. Ng5+ Kg6 37. g3 Bd5 38. Kd2 Kf6 39. Ke3 Nf8 40. Ne4+ Kg6 41. f5+ Kg7 42. Kf4 Ba2 43. Nc5 Kf7 44. Nc6 Nh7 45. Nxa7 Nf6 46. Nc6 Nd5+ 47. Kg5 Ne3 48. b3 Nf1 49. Ne5+ Kg8 50. f6 Bxb3 51. Nxb3 Nxg3 52. f7+ Kg7 53. Nd4 Kf8 54. Kf6 h4 55. Ne6# 1-0

[Event "Sitges Sunway op-A 2nd"]
[Site "Sitges"]
[Date "2015.12.17"]
[Round "6"]
[White "Bonafede, Alessandro"]
[Black "Peralta, Fernando"]
[Result "0-1"]
[WhiteElo "2400"]
[BlackElo "2572"]
[PlyCount "124"]
[EventDate "2015.12.13"]
[EventType "swiss"]
[EventRounds "9"]
[EventCountry "ESP"]
[SourceTitle "EXT 2017"]
[Source "ChessBase"]
[SourceDate "2016.10.25"]
[SourceVersion "1"]
[SourceVersionDate "2016.10.25"]
[SourceQuality "1"]

1. e4 c6 2. Nc3 d5 3. Nf3 Bg4 4. h3 Bxf3 5. Qxf3 Nf6 6. g3 e6 7. a3 Nbd7 8. d3 Be7 9. Bg2 0-0 10. 0-0 Qc7 11. Qe2 Rfe8 12. Kh2 Rad8 13. f4 dxe4 14. dxe4 e5 15. f5 h6 16. Bd2 b5 17. a4 a6 18. Nd1 Nb6 19. b3 Bc5 20. Nb2 Bd4 21. c3 Bc5 22. Nd3 Bf8 23. a5 Nbd7 24. Be3 c5 25. c4 bxc4 26. bxc4 Nb8 27. Rfd1 Nc6 28. Nxc5 Nd4 29. Bxd4 Bxc5 30. Bc3 Bd4 31. Bxd4 exd4 32. c5 Qxc5 33. e5 Qxe5 34. Qxa6 Ne4 35. Bxe4 Qxe4 36. Qd3 Qa8 37. a6 Re3 38. Qf1 d3 39. Rd2 Rde8 40. Raa2 Qe4 41. Qg2 Re2 42. Rxe2 dxe2 43. Qxe4 Rxe4 44. a7 e1Q 45. a8Q+ Kh7 46. Qd5 f6 47. Qd2 Qb1 48. Rb2 Qa1 49. Qg2 Re5 50. Rf2 Qb1 51. Qf3 Ra5 52. h4 Ra1 53. Kh3 Qb6 54. Kh2 Re1 55. Qf4 Qc5 56. Qf3 Re3 57. Qg4 Re1 58. Qf3 Qe5 59. Qg4 Re4 60. Qg6+ Kg8 61. Rc2 Rxh4+ 62. Kg1 Qe1+ 0-1

[Event "Sitges Sunway op-A 2nd"]
[Site "Sitges"]
[Date "2015.12.14"]
[Round "3"]
[White "Narciso Dublan, Marc"]
[Black "Bonafede, Alessandro"]
[Result "1-0"]
[WhiteElo "2529"]
[BlackElo "2400"]
[PlyCount "57"]
[EventDate "2015.12.13"]
[EventType "swiss"]
[EventRounds "9"]
[EventCountry "ESP"]
[SourceTitle "EXT 2017"]
[Source "ChessBase"]
[SourceDate "2016.10.25"]
[SourceVersion "1"]
[SourceVersionDate "2016.10.25"]
[SourceQuality "1"]

1. d4 f5 2. c4 Nf6 3. Nc3 d6 4. Nf3 g6 5. e3 Bg7 6. Be2 0-0 7. 0-0 a5 8. b3 Na6 9. Bb2 Qe8 10. d5 Bd7 11. Rb1 h6 12. Nd4 Rb8 13. Qd2 c6 14. Rfd1 g5 15. Na4 c5 16. Nb5 b6 17. Nac3 f4 18. exf4 gxf4 19. Re1 Qg6 20. Bd3 Qg5 21. Rxe7 Bh3 22. f3 Nd7 23. Rxg7+ Qxg7 24. Kh1 Bf5 25. Bxf5 Rxf5 26. Ne4 Ne5 27. Nbxd6 Rh5 28. Qxf4 Rf8 29. Qg3 1-0

[Event "ITA-chT 47th"]
[Site "Civitanova Marche"]
[Date "2015.04.29"]
[Round "1.3"]
[White "Bonafede, Alessandro"]
[Black "Barletta, Mauro"]
[Result "1-0"]
[WhiteElo "2377"]
[BlackElo "2167"]
[PlyCount "79"]
[EventDate "2015.04.29"]
[EventType "team-swiss"]
[EventRounds "7"]
[EventCountry "ITA"]
[SourceTitle "CBM 166 Extra"]
[Source "ChessBase"]
[SourceDate "2015.06.18"]
[SourceVersion "1"]
[SourceVersionDate "2015.06.18"]
[SourceQuality "1"]
[WhiteTeam "Chieti"]
[BlackTeam "Torino"]
[WhiteTeamCountry "ITA"]
[BlackTeamCountry "ITA"]

1. e4 Nc6 2. Nc3 Nf6 3. d4 d6 4. d5 Nb8 5. f4 c6 6. dxc6 Nxc6 7. Nf3 e6 8. e5 Ng4 9. h3 Nh6 10. g4 Be7 11. Be3 f5 12. exf6 Bxf6 13. Qd2 Qa5 14. Bg2 Nf7 15. 0-0 Bd7 16. a3 0-0 17. b4 Qd8 18. Rad1 Rc8 19. Ne4 Be7 20. c4 Qc7 21. Kh1 Rcd8 22. Nc3 Bc8 23. Qf2 b6 24. Qe2 Bd7 25. Bg1 Rc8 26. Nb5 Qb8 27. Bh2 Rfe8 28. Rfe1 Bf8 29. Qd3 a6 30. Nc3 Qc7 31. Ne4 Nb8 32. c5 bxc5 33. bxc5 d5 34. Neg5 Nxg5 35. Nxg5 g6 36. f5 Qd8 37. Nxe6 Bxe6 38. Rxe6 Rxe6 39. Bxd5 Kh8 40. Bxe6 1-0

[Event "Padova op-A 17th"]
[Site "Padova"]
[Date "2014.12.21"]
[Round "9"]
[White "Bonafede, Alessandro"]
[Black "Petkov, Vladimir"]
[Result "0-1"]
[WhiteElo "2339"]
[BlackElo "2527"]
[PlyCount "50"]
[EventDate "2014.12.14"]
[EventType "swiss"]
[EventRounds "9"]
[EventCountry "ITA"]
[SourceTitle "EXT 2016"]
[Source "ChessBase"]
[SourceDate "2015.10.08"]
[SourceVersion "1"]
[SourceVersionDate "2015.10.08"]
[SourceQuality "1"]

1. e4 e5 2. f4 d5 3. exd5 exf4 4. Bc4 Bd6 5. Nc3 Ne7 6. d3 0-0 7. Nf3 Nd7 8. 0-0 Nf6 9. Ng5 Bg4 10. Qe1 Ng6 11. Nge4 Be5 12. Kh1 Nh5 13. Ne2 f5 14. Nc5 Bxe2 15. Qxe2 Qh4 16. Rf3 Ng3+ 17. Rxg3 fxg3 18. h3 Bd6 19. Ne6 f4 20. Nxf8 Rxf8 21. Qf3 Ne5 22. Qe4 Qh5 23. Bd2 f3 24. Rf1 fxg2+ 25. Qxg2 Rf2 0-1

[Event "Padova op-A 17th"]
[Site "Padova"]
[Date "2014.12.20"]
[Round "8"]
[White "Laketic, Gojko"]
[Black "Bonafede, Alessandro"]
[Result "1-0"]
[WhiteElo "2389"]
[BlackElo "2339"]
[PlyCount "85"]
[EventDate "2014.12.14"]
[EventType "swiss"]
[EventRounds "9"]
[EventCountry "ITA"]
[SourceTitle "EXT 2016"]
[Source "ChessBase"]
[SourceDate "2015.10.08"]
[SourceVersion "1"]
[SourceVersionDate "2015.10.08"]
[SourceQuality "1"]

1. d4 f5 2. g3 Nf6 3. Bg2 g6 4. Nf3 Bg7 5. 0-0 0-0 6. c4 d6 7. Nc3 Qe8 8. d5 a5 9. Nd4 Na6 10. e4 fxe4 11. Nxe4 Nxe4 12. Bxe4 Bd7 13. Re1 a4 14. Bg5 a3 15. bxa3 Qf7 16. Qd2 Qxf2+ 17. Qxf2 Rxf2 18. Kxf2 Bxd4+ 19. Be3 Bxa1 20. Rxa1 Nc5 21. Bxc5 dxc5 22. Rb1 b6 23. Rb3 Ra4 24. Rc3 e6 25. h4 Kg7 26. Bg2 e5 27. Ke3 Kf6 28. Bf3 h5 29. Bd1 Ra8 30. a4 Bf5 31. Ra3 Ra5 32. Rb3 Bd7 33. Ra3 Be8 34. Ke4 Bd7 35. Ke3 g5 36. hxg5+ Kxg5 37. Ke4 Bf5+ 38. Kxe5 Ra8 39. Bxh5 Bh3 40. Bf7 Rf8 41. Rf3 Bg4 42. Rf4 Ra8 43. Rf6 1-0

[Event "Chioggia op-A 09th"]
[Site "Chioggia"]
[Date "2014.10.11"]
[Round "2"]
[White "Vianello, Enrico"]
[Black "Bonafede, Alessandro"]
[Result "1/2-1/2"]
[WhiteElo "2112"]
[BlackElo "2375"]
[PlyCount "63"]
[EventDate "2014.10.10"]
[EventType "swiss"]
[EventRounds "5"]
[EventCountry "ITA"]
[SourceTitle "EXT 2022"]
[Source "ChessBase"]
[SourceDate "2021.10.06"]
[SourceVersion "1"]
[SourceVersionDate "2021.10.06"]
[SourceQuality "1"]

1. Nf3 f5 2. g3 Nf6 3. Bg2 g6 4. d4 Bg7 5. 0-0 0-0 6. b3 d6 7. Bb2 Qe8 8. Nbd2 Na6 9. c4 c6 10. Rc1 Bd7 11. a3 Rb8 12. Qc2 Nc7 13. Ba1 b5 14. Rfe1 Bh6 15. Rcd1 Qf7 16. e3 g5 17. Nf1 f4 18. N3d2 Bg7 19. Rc1 Nh5 20. exf4 gxf4 21. f3 Ne6 22. Qe4 bxc4 23. bxc4 Nxd4 24. Qxe7 Rbe8 25. Qxf7+ Kxf7 26. Ne4 Be5 27. g4 Nf6 28. Nxd6+ Bxd6 29. Bxd4 c5 30. Bc3 Rxe1 31. Rxe1 Be6 32. Nd2 1/2-1/2

[Event "Albena Masters op"]
[Site "Albena"]
[Date "2014.06.09"]
[Round "9"]
[White "Gao, Rui"]
[Black "Bonafede, Alessandro"]
[Result "1-0"]
[WhiteElo "2487"]
[BlackElo "2378"]
[PlyCount "85"]
[EventDate "2014.06.01"]
[EventType "swiss"]
[EventRounds "9"]
[EventCountry "BUL"]
[SourceTitle "CBM 160 Extra"]
[Source "ChessBase"]
[SourceDate "2014.07.01"]
[SourceVersion "1"]
[SourceVersionDate "2014.07.01"]
[SourceQuality "1"]

1. e4 c6 2. d4 d5 3. Nc3 g6 4. Nf3 Bg7 5. h3 Nh6 6. Bd3 f6 7. Qe2 Nf7 8. Bf4 0-0 9. e5 fxe5 10. Nxe5 Nd7 11. Bg3 Nfxe5 12. dxe5 Qa5 13. 0-0 d4 14. Bc4+ Kh8 15. e6 Nb6 16. Ne4 Nxc4 17. Qxc4 Qf5 18. Rfe1 Bxe6 19. Qb4 Bd5 20. f3 e5 21. c4 Bxe4 22. Rxe4 Qg5 23. Kh2 h5 24. Rae1 a5 25. Qxb7 Rab8 26. Qxc6 Rxb2 27. Rxe5 Qh6 28. Re8 Rxe8 29. Rxe8+ Kh7 30. Qd5 Qd2 31. f4 h4 32. Bxh4 Qxf4+ 33. Bg3 Qf1 34. Qe4 Bf6 35. Rf8 Kg7 36. Rxf6 Rxg2+ 37. Qxg2 Qxf6 38. Qf2 d3 39. Qxf6+ Kxf6 40. Bf4 Kf5 41. Kg3 Ke4 42. c5 Kd5 43. Be3 1-0

[Event "Albena Masters op"]
[Site "Albena"]
[Date "2014.06.07"]
[Round "7"]
[White "Blagojevic, Dragisa"]
[Black "Bonafede, Alessandro"]
[Result "0-1"]
[WhiteElo "2522"]
[BlackElo "2378"]
[PlyCount "52"]
[EventDate "2014.06.01"]
[EventType "swiss"]
[EventRounds "9"]
[EventCountry "BUL"]
[SourceTitle "CBM 160 Extra"]
[Source "ChessBase"]
[SourceDate "2014.07.01"]
[SourceVersion "1"]
[SourceVersionDate "2014.07.01"]
[SourceQuality "1"]

1. d4 f5 2. g3 Nf6 3. Bg2 g6 4. c4 Bg7 5. Nc3 0-0 6. Nh3 d6 7. d5 c6 8. 0-0 Qe8 9. Rb1 Na6 10. b4 Ng4 11. dxc6 bxc6 12. b5 Bd7 13. Bb2 Nc5 14. Na4 Ne6 15. Bxg7 Kxg7 16. e4 Ne5 17. exf5 Rxf5 18. Qe2 Nd4 19. Qb2 c5 20. f4 Nxc4 21. Qc3 Ne5 22. Rfe1 Ng4 23. Bxa8 Qxa8 24. Nf2 Nf6 25. Rxe7+ Kf8 26. Rxd7 Ne2+ 0-1

[Event "Albena Masters op"]
[Site "Albena"]
[Date "2014.06.05"]
[Round "5"]
[White "Bonafede, Alessandro"]
[Black "Cooklev, Steven"]
[Result "1-0"]
[WhiteElo "2378"]
[BlackElo "2171"]
[PlyCount "71"]
[EventDate "2014.06.01"]
[EventType "swiss"]
[EventRounds "9"]
[EventCountry "BUL"]
[SourceTitle "CBM 160 Extra"]
[Source "ChessBase"]
[SourceDate "2014.07.01"]
[SourceVersion "1"]
[SourceVersionDate "2014.07.01"]
[SourceQuality "1"]

1. e4 e5 2. f4 exf4 3. Bc4 d5 4. exd5 Qh4+ 5. Kf1 Bd6 6. d3 Ne7 7. Nc3 0-0 8. Ne4 Nd7 9. Qe1 Qxe1+ 10. Kxe1 Nb6 11. Nxd6 cxd6 12. Bxf4 Rd8 13. Bg5 f6 14. Bd2 Nexd5 15. Bb3 Be6 16. Nf3 Nc7 17. Nd4 Kf7 18. Ba5 Rac8 19. Kd2 Bxb3 20. axb3 Ncd5 21. Rhe1 Ne7 22. Nb5 Rc5 23. Nxa7 Nec8 24. Nxc8 Rdxc8 25. c4 Nd7 26. Bb4 Rg5 27. Bxd6 Rxg2+ 28. Kc3 Ne5 29. Ra7 g5 30. Rxb7+ Kg6 31. Bxe5 fxe5 32. Rxe5 Rxh2 33. Rb6+ Kh5 34. b4 Kg4 35. b5 h5 36. Rg6 1-0

[Event "Cap d'Agde CCAS op"]
[Site "Cap d'Agde"]
[Date "2013.10.28"]
[Round "4"]
[White "Bonafede, Alessandro"]
[Black "Quillien, Emmanuel"]
[Result "1-0"]
[WhiteElo "2328"]
[BlackElo "2161"]
[PlyCount "81"]
[EventDate "2013.10.26"]
[EventType "swiss"]
[EventRounds "9"]
[EventCountry "FRA"]
[SourceTitle "EXT 2016"]
[Source "ChessBase"]
[SourceDate "2015.10.08"]
[SourceVersion "1"]
[SourceVersionDate "2015.10.08"]
[SourceQuality "1"]

1. e4 e5 2. Nf3 d6 3. d4 exd4 4. Nxd4 Nf6 5. Nc3 Be7 6. g3 d5 7. e5 Ng4 8. e6 Nf6 9. exf7+ Kxf7 10. Bg2 c6 11. 0-0 Re8 12. Nce2 Na6 13. c4 Nc7 14. Qb3 Kg8 15. Rd1 Kh8 16. Bf4 Bd6 17. Bxd6 Qxd6 18. Nf4 Rb8 19. cxd5 Nfxd5 20. Nxd5 Nxd5 21. Nb5 Qh6 22. Bxd5 cxd5 23. Qxd5 Bg4 24. Nd6 Be6 25. Qe5 Rf8 26. Re1 Bg8 27. Rad1 Qg6 28. b3 h6 29. Rd2 Rbd8 30. Red1 Rd7 31. Qb5 Rc7 32. Qd3 Qf6 33. Qd4 Qf3 34. Qxa7 Be6 35. Qe3 Qf6 36. Ne4 Qf7 37. Re1 Bd7 38. Nd6 Qh5 39. Qe7 Ra8 40. Nf7+ Kg8 41. Rxd7 1-0

[Event "Cap d'Agde CCAS op"]
[Site "Cap d'Agde"]
[Date "2013.10.27"]
[Round "2"]
[White "Bonafede, Alessandro"]
[Black "Marimoutou, Loic"]
[Result "1-0"]
[WhiteElo "2328"]
[BlackElo "1984"]
[PlyCount "63"]
[EventDate "2013.10.26"]
[EventType "swiss"]
[EventRounds "9"]
[EventCountry "FRA"]
[SourceTitle "EXT 2016"]
[Source "ChessBase"]
[SourceDate "2015.10.08"]
[SourceVersion "1"]
[SourceVersionDate "2015.10.08"]
[SourceQuality "1"]

1. e4 e5 2. Nf3 Nc6 3. Bc4 Nf6 4. Ng5 d5 5. exd5 b5 6. Bxb5 Qxd5 7. Bf1 e4 8. d3 Bg4 9. Qd2 e3 10. Qxe3+ Kd7 11. Nc3 Bb4 12. f3 Rhe8 13. Nge4 Nd4 14. Kd1 Bxc3 15. Nxc3 Rxe3 16. Nxd5 Rxf3 17. gxf3 Bxf3+ 18. Kd2 Bxd5 19. Bh3+ Kc6 20. Rf1 Re8 21. c4 Bf3 22. Rf2 Nh5 23. b4 g5 24. b5+ Kb7 25. Bb2 Re2+ 26. Rxe2 Nxe2 27. Bf5 h6 28. Rf1 g4 29. Rxf3 gxf3 30. Be4+ Kb8 31. Bxf3 Nef4 32. Ke3 1-0

[Event "Cap d'Agde CCAS op"]
[Site "Cap d'Agde"]
[Date "2013.10.26"]
[Round "9"]
[White "Arizmendi Martinez, Julen Luis"]
[Black "Bonafede, Alessandro"]
[Result "0-1"]
[WhiteElo "2549"]
[BlackElo "2328"]
[PlyCount "56"]
[EventDate "2013.10.26"]
[EventType "swiss"]
[EventRounds "9"]
[EventCountry "FRA"]
[SourceTitle "EXT 2016"]
[Source "ChessBase"]
[SourceDate "2015.10.08"]
[SourceVersion "1"]
[SourceVersionDate "2015.10.08"]
[SourceQuality "1"]

1. d4 f5 2. Nc3 Nf6 3. Bg5 d5 4. Bxf6 exf6 5. e3 Be6 6. Qf3 Nc6 7. Bb5 Qd7 8. Nge2 0-0-0 9. a3 Kb8 10. Nf4 Bf7 11. Nd3 g6 12. Nb4 Bxb4 13. axb4 h5 14. h4 g5 15. Bxc6 Qxc6 16. Qxf5 gxh4 17. Rxh4 Rhg8 18. Qf3 Be6 19. Kd2 Bg4 20. Qf4 Rg5 21. Rah1 Rdg8 22. R1h2 Qe6 23. f3 Bf5 24. Rxh5 Rxh5 25. Rxh5 Rxg2+ 26. Ne2 Qa6 27. Qxf5 Qxe2+ 28. Kc3 Qc4# 0-1

[Event "Kesarovski Georgiev Memorial-A 12th"]
[Site "Sunny Beach"]
[Date "2013.08.31"]
[Round "1"]
[White "Bonafede, Alessandro"]
[Black "Bernadskiy, Vitaliy"]
[Result "1/2-1/2"]
[WhiteElo "2380"]
[BlackElo "2510"]
[PlyCount "106"]
[EventDate "2013.08.31"]
[EventType "swiss"]
[EventRounds "9"]
[EventCountry "BUL"]
[SourceTitle "CBM 156 Extra"]
[Source "ChessBase"]
[SourceDate "2013.10.22"]
[SourceVersion "1"]
[SourceVersionDate "2013.10.22"]
[SourceQuality "1"]

1. e4 c5 2. b4 cxb4 3. a3 d5 4. exd5 Qxd5 5. Nf3 e5 6. axb4 Bxb4 7. c3 Be7 8. Na3 Nc6 9. Nb5 Qd7 10. d4 exd4 11. Bf4 Bd8 12. cxd4 Nf6 13. Nd6+ Kf8 14. Ne5 Qe7 15. Bc4 Be6 16. 0-0 Bc7 17. Bxe6 fxe6 18. Nxb7 Nxe5 19. dxe5 Bxe5 20. Bxe5 Qxb7 21. Rc1 Nd5 22. Qf3+ Qf7 23. Qe4 Re8 24. f4 Kg8 25. Rf3 h5 26. Rg3 Rh7 27. Rg5 Rf8 28. h4 a5 29. Kh2 Kh8 30. Qd4 Ra8 31. Ra1 Qa7 32. Qxa7 Rxa7 33. f5 exf5 34. Bd4 Rf7 35. Rxa5 Nc7 36. Ra7 Kg8 37. Rg6 Rh6 38. Rxh6 gxh6 39. Be5 Ne6 40. Ra8+ Rf8 41. Ra7 Rf7 42. Ra8+ Nf8 43. g3 Kh7 44. Bd4 Ng6 45. Kg2 f4 46. Ra7 Kg8 47. Rxf7 Kxf7 48. Kf3 Ke6 49. Bg7 Kf5 50. gxf4 Nxh4+ 51. Kg3 Ng6 52. Bxh6 h4+ 53. Kh3 Nxf4+ 1/2-1/2

[Event "Mare di Fano op 2nd"]
[Site "Fano"]
[Date "2013.08.01"]
[Round "5"]
[White "Bonafede, Alessandro"]
[Black "Solodovnichenko, Yuri"]
[Result "0-1"]
[WhiteElo "2380"]
[BlackElo "2555"]
[PlyCount "64"]
[EventDate "2013.07.29"]
[EventType "swiss"]
[EventRounds "9"]
[EventCountry "ITA"]
[SourceTitle "EXT 2015"]
[Source "ChessBase"]
[SourceDate "2014.11.20"]
[SourceVersion "1"]
[SourceVersionDate "2014.11.20"]
[SourceQuality "1"]

1. e4 c5 2. Nf3 Nc6 3. d4 cxd4 4. Nxd4 e6 5. Nc3 d6 6. g3 Nf6 7. Bg2 Bd7 8. 0-0 Be7 9. h3 a6 10. Kh2 Qc7 11. f4 0-0 12. f5 b5 13. Nce2 Nxd4 14. Nxd4 e5 15. Ne2 Rac8 16. c3 Bc6 17. Qc2 h6 18. g4 d5 19. Ng3 Rfd8 20. Qe2 b4 21. c4 dxc4 22. Qxc4 Qb7 23. a4 bxa3 24. bxa3 Bb5 25. Qb3 Rd3 26. Qb1 Rcc3 27. Ne2 Rb3 28. Qc2 Bc6 29. Rb1 Bxe4 30. Rxb3 Rxb3 31. Bxe4 Nxe4 32. a4 Bg5 0-1

[Event "ITA-ch sf 73rd"]
[Site "Civitanova Marche"]
[Date "2013.07.24"]
[Round "5"]
[White "Bonafede, Alessandro"]
[Black "De Filomeno, Simone"]
[Result "0-1"]
[WhiteElo "2380"]
[BlackElo "2385"]
[PlyCount "70"]
[EventDate "2013.07.20"]
[EventType "swiss"]
[EventRounds "9"]
[EventCountry "ITA"]
[SourceTitle "EXT 2015"]
[Source "ChessBase"]
[SourceDate "2014.11.20"]
[SourceVersion "1"]
[SourceVersionDate "2014.11.20"]
[SourceQuality "1"]

1. e4 c5 2. Nf3 d6 3. d4 cxd4 4. Qxd4 Nc6 5. Bb5 Bd7 6. Bxc6 Bxc6 7. Nc3 Nf6 8. Bg5 e6 9. 0-0-0 Be7 10. Qd3 Qa5 11. h4 h6 12. Bd2 d5 13. e5 Ng4 14. Be3 Bb4 15. Bd4 Bxc3 16. Qxc3 Qxc3 17. bxc3 h5 18. Ng5 b6 19. Rhg1 Bb5 20. Rde1 Nh6 21. f3 Nf5 22. Bf2 Rc8 23. Kb2 Rc4 24. g3 Ke7 25. Rd1 Rhc8 26. Be1 f6 27. exf6+ gxf6 28. Nh3 d4 29. cxd4 Rxc2+ 30. Kb1 a5 31. Nf4 Ne3 32. Rd2 Rc1+ 33. Kb2 Nd1+ 34. Rxd1 R8c2+ 35. Ka3 Rxd1 0-1

[Event "ITA-ch sf 73rd"]
[Site "Civitanova Marche"]
[Date "2013.07.22"]
[Round "3"]
[White "Bonafede, Alessandro"]
[Black "Santagati, Alessandro"]
[Result "1/2-1/2"]
[WhiteElo "2380"]
[BlackElo "2195"]
[PlyCount "108"]
[EventDate "2013.07.20"]
[EventType "swiss"]
[EventRounds "9"]
[EventCountry "ITA"]
[SourceTitle "EXT 2015"]
[Source "ChessBase"]
[SourceDate "2014.11.20"]
[SourceVersion "1"]
[SourceVersionDate "2014.11.20"]
[SourceQuality "1"]

1. e4 Nc6 2. Nf3 f5 3. exf5 d5 4. d4 Bxf5 5. c4 e6 6. a3 Be7 7. Bf4 Bf6 8. cxd5 exd5 9. Ne5 Nge7 10. Bb5 0-0 11. Bg3 a6 12. Bxc6 Nxc6 13. 0-0 Nxe5 14. dxe5 Be7 15. Nc3 c6 16. Qd4 b6 17. b4 Bc2 18. Rfc1 Bb3 19. Rab1 c5 20. Qg4 Bc4 21. Qe6+ Kh8 22. Rd1 Ra7 23. Ne4 Ba2 24. Ra1 Bb3 25. Rdc1 c4 26. Nd6 Bxd6 27. exd6 d4 28. Rab1 d3 29. Rxb3 d2 30. Rd1 cxb3 31. Qxb3 Re8 32. Kf1 Qg5 33. Qd3 Qb5 34. Rxd2 Qxd3+ 35. Rxd3 Rd7 36. Rc3 Kg8 37. Rc6 Rb8 38. Ke2 Kf7 39. Kd3 Ke6 40. Kd4 Rf7 41. Ke4 Rd7 42. h4 g6 43. Be5 Rbb7 44. g4 Rf7 45. f4 Rf8 46. Rc2 Rbf7 47. a4 Rb7 48. Rc6 Re8 49. Rc1 Rf8 50. h5 gxh5 51. g5 Rbf7 52. Rh1 Rc8 53. Kd4 b5 54. axb5 axb5 1/2-1/2

[Event "Golden Sands Europe op 2nd"]
[Site "Golden Sands"]
[Date "2013.06.18"]
[Round "9"]
[White "Bonafede, Alessandro"]
[Black "Petrosian, Tigran L"]
[Result "0-1"]
[WhiteElo "2353"]
[BlackElo "2649"]
[PlyCount "96"]
[EventDate "2013.06.10"]
[EventType "swiss"]
[EventRounds "9"]
[EventCountry "BUL"]
[SourceTitle "EXT 2014"]
[Source "ChessBase"]
[SourceDate "2013.11.20"]
[SourceVersion "1"]
[SourceVersionDate "2013.11.20"]
[SourceQuality "1"]

1. e4 d6 2. d4 g6 3. Nc3 Bg7 4. f4 a6 5. Nf3 b5 6. Bd3 Bb7 7. 0-0 Nc6 8. Kh1 Bxd4 9. Nxd4 Nxd4 10. a4 b4 11. Nd5 Nf6 12. c3 bxc3 13. bxc3 Ne6 14. c4 Nc5 15. Bb2 0-0 16. Bc2 Rb8 17. Qd4 Bxd5 18. exd5 Rxb2 19. Qxb2 Ng4 20. f5 Ne5 21. Qc1 Kg7 22. Ra3 f6 23. h4 Rh8 24. Rg3 Qb8 25. h5 Kf7 26. Qb1 g5 27. Qxb8 Rxb8 28. Rb1 Rxb1+ 29. Bxb1 Kg7 30. Bc2 Kh6 31. Bd1 Ne4 32. Rb3 Nf2+ 33. Kg1 Nxd1 34. Rb7 Nxc4 35. Rxc7 Ndb2 36. g4 a5 37. Kh2 Ne3 38. Rxe7 Nbc4 39. Re4 Nd2 40. Re6 Nxg4+ 41. Kh3 Nf2+ 42. Kg3 Nde4+ 43. Kg2 Kxh5 44. Re7 Kg4 45. Rxh7 Nd1 46. Ra7 Ne3+ 47. Kg1 Nc4 48. Rc7 Nc5 0-1

[Event "Golden Sands Europe op 2nd"]
[Site "Golden Sands"]
[Date "2013.06.11"]
[Round "2"]
[White "Georgiev, Vladimir"]
[Black "Bonafede, Alessandro"]
[Result "1-0"]
[WhiteElo "2532"]
[BlackElo "2353"]
[PlyCount "83"]
[EventDate "2013.06.10"]
[EventType "swiss"]
[EventRounds "9"]
[EventCountry "BUL"]
[SourceTitle "CBM 154 Extra"]
[Source "ChessBase"]
[SourceDate "2013.06.25"]
[SourceVersion "2"]
[SourceVersionDate "2013.06.25"]
[SourceQuality "1"]

1. d4 f5 2. Bg5 g6 3. Nc3 Bg7 4. h4 h6 5. Bf4 Nf6 6. Qd3 0-0 7. Qc4+ Kh7 8. Bxc7 Qe8 9. Be5 Nc6 10. Bxf6 Bxf6 11. Nf3 b5 12. Qd3 e6 13. e4 b4 14. Nb5 fxe4 15. Qxe4 d5 16. Qe3 e5 17. 0-0-0 e4 18. Ng5+ Kg7 19. Nc7 Qe7 20. Nxd5 Bxg5 21. hxg5 Qxg5 22. Qxg5 hxg5 23. Bb5 Na5 24. Rh2 Rf5 25. Nc7 Rb8 26. d5 Rxf2 27. Rdh1 Kf6 28. Rh8 Ke5 29. Rd8 a6 30. Bxa6 b3 31. axb3 Nxb3+ 32. cxb3 Rxb3 33. Re8+ Kd4 34. Rd1+ Kc5 35. Rxc8 Rbxb2 36. Ne8+ Kb4 37. Rb8+ Kc3 38. Rxb2 Rxb2 39. Nf6 Rc2+ 40. Kb1 Rb2+ 41. Ka1 Kb3 42. Rb1 1-0